Who's afraid of the WTO?
Saved in:
| Main Author: | |
|---|---|
| Format: | Book |
| Language: | English |
| Published: |
New York
Oxford University Press
2004
|
| Subjects: | |
| Tags: |
No Tags, Be the first to tag this record!
|
MARC
| LEADER | 00000nam$a2200000$$$4500 | ||
|---|---|---|---|
| 001 | 0047138 | ||
| 005 | 20240306135353.9 | ||
| 020 | |a 0-19-516616-7 | ||
| 041 | 0 | |a eng | |
| 044 | |a US | ||
| 245 | 1 | 0 | |a Who's afraid of the WTO? |c Kent Jones |
| 264 | 1 | |a New York |b Oxford University Press |c 2004 | |
| 300 | |a 236 s. | ||
| 610 | 2 | 0 | |a obchod svetový |
| 610 | 2 | 0 | |a globalizácia |
| 610 | 2 | 0 | |a organizácie obchodné |
| 610 | 2 | 0 | |a organizácie medzinárodné |
| 610 | 2 | 0 | |a politika obchodná |
| 610 | 2 | 0 | |a práva ľudské |
| 610 | 2 | 0 | |a konflikty |
| 610 | 2 | 0 | |a suverenita štátna |
| 610 | 2 | 0 | |a krajiny rozvojové |
| 610 | 2 | 0 | |a Svetová obchodná organizácia |
| 100 | 1 | |a Jones, Kent | |